| 000 | 00554nam a22001817a 4500 | ||
|---|---|---|---|
| 999 |
_c196828 _d196828 |
||
| 005 | 20230801114737.0 | ||
| 010 | _aENG-137596 | ||
| 020 | _c100.00 | ||
| 035 | _aEN-121128 | ||
| 037 | _bJ.V. Publications | ||
| 082 | _a821 | ||
| 100 | _aChandramouli,Raamaa | ||
| 245 |
_aInto A Crowded Aloneness / _cby Raamaa Chandramouli |
||
| 260 |
_aHyderabad _bJ.V. Publications _c2016 |
||
| 270 |
_aFlat No.103, Jaya Apartments, 3-6-18, Himayatnagar, Hyderabad _bHyderabad _e500029 |
||
| 300 |
_a85p. _b21cm(pbk) |
||
| 942 |
_2ddc _cEN _mCHA _h821 |
||